000 00590nam a2200193Ia 4500
003 GCL
008 140319s9999 xx 000 0 ara d
040 _aGCL /
_cGCL
082 0 4 _a377.1
_bع م
100 1 _aعلى احمد مدكور
245 1 0 _aمنهج تدريس العلوم الشرعية /
_cعلى احمد مدكور
260 _a[S.N] :
_bدار الشواف للنشر والتوزيع ،
_c1991
300 _a264 ص
490 _a
650 0 4 _aالتعليم
650 0 4 _aالمناهج
650 0 4 _aالتعليم الدينى الاسلامى
942 _2ddc
_cBK
999 _c55813
_d55813